[Event "84th YMCA Autumn A"]
[Site "Warszawa"]
[Date "2010.12.10"]
[Round "11"]
[White "Malec, Sebastian"]
[Black "Janczarski, Michal"]
[Result "1-0"]
[WhiteElo "2155"]
[BlackElo "2303"]
[Annotator "Admin"]
[PlyCount "51"]
[EventDate "2010.09.24"]
[EventType "tourn"]
[EventRounds "1"]
[EventCountry "POL"]
[SourceDate "2010.10.05"]

1. e4 c5 2. Nf3 d6 3. d4 Nd7 4. d5 g6 5. Be2 Ngf6 6. Nc3 Bg7 7. O-O O-O 8. Nd2
Nb6 9. a4 e5 10. a5 Nbd7 11. Nc4 Nb8 12. f4 Ne8 13. fxe5 Bxe5 14. Nxe5 dxe5 15.
Be3 Nd7 16. d6 Rb8 17. Bc4 b6 18. Rxf7 Rxf7 19. Qd5 Kh8 20. Qxf7 Nxd6 $11 21.
Qf1 bxa5 22. Be6 Nf6 23. Bg5 Kg7 24. Bxc8 Ndxe4 25. Nxe4 Qd4+ 26. Nf2 1-0

[Event "84th YMCA Autumn A"]
[Site "Warszawa"]
[Date "2010.10.13"]
[Round "11"]
[White "Sanz Losada, Victoriano"]
[Black "Michniewski, Tomasz"]
[Result "1/2-1/2"]
[WhiteElo "2138"]
[BlackElo "2165"]
[Annotator "Admin"]
[PlyCount "63"]
[EventDate "2010.09.24"]
[EventType "tourn"]
[EventRounds "1"]
[EventCountry "POL"]
[SourceDate "2010.10.05"]

1. e4 e6 2. d4 d5 3. Nc3 Bb4 4. exd5 exd5 5. Bd3 Nf6 6. Nge2 O-O 7. Bg5 c5 8.
dxc5 Nbd7 9. a3 Bxc5 10. Qd2 Ne5 11. O-O-O Be6 12. Nf4 Nxd3+ 13. Qxd3 h6 14.
Bh4 Qd6 15. Qg3 Ng4 16. Ne4 dxe4 17. Rxd6 Bxd6 18. Be7 Be5 19. h4 Rfe8 20. Bc5
Rac8 21. Be3 Rc6 22. Kb1 Bc8 23. Bc1 g5 24. hxg5 hxg5 25. f3 gxf4 26. Bxf4 Bxf4
27. Qxf4 exf3 28. gxf3 Ne5 29. Re1 Rce6 30. b3 Ng6 31. Rxe6 Bxe6 32. Qd4 $11
1/2-1/2

[Event "84th YMCA Autumn A"]
[Site "Warszawa"]
[Date "2010.12.10"]
[Round "11"]
[White "Adamski, Andrzej"]
[Black "Lewandowski, Rafal"]
[Result "1-0"]
[WhiteElo "2254"]
[BlackElo "2202"]
[PlyCount "55"]
[EventDate "2010.09.24"]
[EventType "tourn"]
[EventRounds "1"]
[EventCountry "POL"]
[SourceDate "2010.10.05"]

1. e4 c5 2. c3 Nf6 3. e5 Nd5 4. d4 cxd4 5. cxd4 e6 6. Nf3 d6 7. Nc3 Nxc3 8.
bxc3 Qc7 9. Bd2 Nd7 10. Bd3 dxe5 11. O-O Bd6 12. Re1 exd4 13. cxd4 O-O 14. Rc1
Qb8 15. Qe2 g6 16. Qe4 Re8 17. Qh4 Be7 18. Ng5 Nf8 19. Bf4 Bd6 20. Ne4 Bxf4 21.
Nf6+ Kh8 22. Nxe8 Kg8 23. Rc7 Qxc7 24. Nxc7 Bxc7 25. Bb5 Bd7 26. Bxd7 Nxd7 27.
Qe7 Rd8 28. Rb1 1-0

[Event "84th YMCA Autumn A"]
[Site "Warszawa"]
[Date "2010.11.09"]
[Round "12"]
[White "Kasperkiewicz, Pawel"]
[Black "Lewandowski, Rafal"]
[Result "0-1"]
[WhiteElo "2102"]
[BlackElo "2202"]
[PlyCount "68"]
[EventDate "2010.09.24"]
[EventType "tourn"]
[EventRounds "1"]
[EventCountry "POL"]
[SourceDate "2010.10.05"]

1. e4 c5 2. c3 Nf6 3. e5 Nd5 4. d4 e6 5. Nf3 cxd4 6. cxd4 d6 7. Bc4 Nb6 8. Bd3
Nc6 9. exd6 Bxd6 10. Nc3 Nb4 11. Bb1 N4d5 12. Ne4 Bf4 13. O-O h5 14. Ne5 g5 15.
Bxf4 Nxf4 16. g3 Nh3+ 17. Kg2 g4 18. f3 f5 19. Nc5 Nd5 20. Re1 Qg5 21. Nc4 O-O
22. f4 Ndxf4+ 23. gxf4 Nxf4+ 24. Kf1 b6 25. Nd3 Nxd3 26. Qxd3 Bb7 27. Qd2 Qh4
28. Qf2 Qh3+ 29. Kg1 f4 30. Rxe6 Rf7 31. Bg6 Rg7 32. Rf1 Rf8 33. Be4 g3 34. Qg2
gxh2+ 0-1

[Event "84th YMCA Autumn A"]
[Site "Warszawa"]
[Date "2010.12.17"]
[Round "12"]
[White "Michniewski, Tomasz"]
[Black "Adamski, Andrzej"]
[Result "1/2-1/2"]
[WhiteElo "2165"]
[BlackElo "2254"]
[PlyCount "107"]
[EventDate "2010.09.24"]
[EventType "tourn"]
[EventRounds "1"]
[EventCountry "POL"]
[SourceDate "2010.10.05"]

1. d4 d6 2. c4 Nf6 3. Nc3 Nbd7 4. e4 e5 5. Nf3 g6 6. Be2 Bg7 7. O-O O-O 8. Be3
Re8 9. d5 Nc5 10. Nd2 a5 11. a3 a4 12. Bxc5 dxc5 13. Nxa4 Bf8 14. Nc3 Bd7 15.
Re1 h5 16. Rb1 b6 17. Bd3 Bh6 18. Nb5 Kg7 19. Qc2 Rh8 20. Qc3 Bxb5 21. cxb5
Bxd2 22. Qxd2 Ra4 23. Qc3 Qe7 24. b4 Nd7 25. Bc2 Ra7 26. a4 $11 Rha8 27. f4 f6
28. fxe5 fxe5 29. Rf1 cxb4 30. Rxb4 Qc5+ 31. Qxc5 Nxc5 32. Rc4 Rf8 33. Ra1 Ra5
34. Rd1 Rf6 35. Rf1 Rxf1+ 36. Kxf1 Kf7 37. Ke2 Ke7 38. Kd2 Kd7 39. Ke3 Ra8 40.
Bd1 Kd6 41. Kd2 Rf8 42. Bf3 g5 43. Ke3 g4 44. Be2 Rf4 45. g3 Rf8 46. Rc1 Ra8
47. Bd1 Rf8 48. Be2 Rf7 49. Ra1 Rf8 50. Ra3 Ra8 51. Bd1 Ke7 52. Ra2 Rf8 53. Be2
Ra8 54. Bd1 1/2-1/2

[Event "84th YMCA Autumn A"]
[Site "Warszawa"]
[Date "2010.12.17"]
[Round "12"]
[White "Janczarski, Michal"]
[Black "Sanz Losada, Victoriano"]
[Result "1-0"]
[WhiteElo "2303"]
[BlackElo "2138"]
[PlyCount "41"]
[EventDate "2010.09.24"]
[EventType "tourn"]
[EventRounds "1"]
[EventCountry "POL"]
[SourceDate "2010.10.05"]

1. c4 f5 2. g3 Nf6 3. Bg2 g6 4. Nc3 Bg7 5. e3 O-O 6. Nge2 e5 7. d3 d6 8. b4 Nc6
9. b5 Ne7 10. O-O g5 11. f4 gxf4 12. exf4 Ng6 13. fxe5 dxe5 14. Ba3 Ng4 15. Nd5
c6 16. bxc6 bxc6 17. h3 e4 18. hxg4 cxd5 19. Bxf8 Bxa1 20. Qxa1 Qxf8 21. Qd4
1-0

[Event "84th YMCA Autumn A"]
[Site "Warszawa"]
[Date "2010.12.08"]
[Round "12"]
[White "Choroszej, Aleksander"]
[Black "Malec, Sebastian"]
[Result "1/2-1/2"]
[WhiteElo "2122"]
[BlackElo "2155"]
[Annotator "Admin"]
[PlyCount "39"]
[EventDate "2010.09.24"]
[EventType "tourn"]
[EventRounds "1"]
[EventCountry "POL"]
[SourceDate "2010.10.05"]

1. d4 Nf6 2. c4 e6 3. Nf3 b6 4. a3 Bb7 5. Nc3 d5 6. cxd5 exd5 7. Bg5 Be7 8. e3
O-O 9. Be2 Ne4 10. Bxe7 Qxe7 11. O-O Nd7 12. Rc1 c6 13. Nd2 f5 14. Re1 Rae8 15.
Bd3 Qh4 16. g3 Qh6 17. Bf1 Ndf6 18. f3 Nf2 19. Qe2 Nh3+ 20. Bxh3 $11 1/2-1/2

[Event "84th YMCA Autumn A"]
[Site "Warszawa"]
[Date "2010.12.08"]
[Round "12"]
[White "Zurkowski, Andrzej"]
[Black "Liberadzki, Slawomir"]
[Result "1/2-1/2"]
[WhiteElo "2120"]
[BlackElo "2083"]
[Annotator "Admin"]
[PlyCount "55"]
[EventDate "2010.09.24"]
[EventType "tourn"]
[EventRounds "1"]
[EventCountry "POL"]
[SourceDate "2010.10.05"]

1. d4 d5 2. Nf3 Nf6 3. Bg5 e6 4. e3 Be7 5. Bd3 h6 6. Bh4 Nbd7 7. O-O O-O 8.
Nbd2 b6 9. Ne5 Nxe5 10. dxe5 Nd7 11. Bg3 Nc5 12. Be2 Ba6 13. Bxa6 Nxa6 14. f4
Nc5 15. Qe2 d4 16. Rad1 d3 17. cxd3 Qxd3 18. Qf3 Rad8 19. Nb3 Qc2 20. Nd4 Qxb2
21. Nc6 Rde8 22. Rf2 Qa3 23. Rfd2 Na6 24. Nxa7 Bc5 $11 25. Bf2 Qa4 26. Nc6 Nb4
27. Nxb4 Qxb4 28. Qc6 $11 1/2-1/2

[Event "84th YMCA Autumn A"]
[Site "Warszawa"]
[Date "2010.12.17"]
[Round "12"]
[White "Kedzierski, Slawomir"]
[Black "Moskwinski, Tadeusz"]
[Result "0-1"]
[WhiteElo "2102"]
[BlackElo "2213"]
[PlyCount "126"]
[EventDate "2010.09.24"]
[EventType "tourn"]
[EventRounds "1"]
[EventCountry "POL"]
[SourceDate "2010.10.05"]

1. d4 f5 2. Nf3 Nf6 3. c4 g6 4. g3 Bg7 5. Bg2 O-O 6. O-O d6 7. Nc3 c6 8. b3 Qa5
9. Bd2 Qc7 10. Qc2 e5 11. dxe5 dxe5 12. e4 Na6 13. exf5 Bxf5 14. Qb2 Nb4 15.
Nh4 Bd3 16. Rfd1 Ng4 17. Be1 e4 18. f3 Qb6+ 19. Kh1 exf3 20. Nxf3 Be4 21. c5
Rxf3 22. Qe2 Re3 23. Qc4+ Bd5 24. Rxd5 cxd5 25. Nxd5 Qe6 26. Bxb4 Bxa1 27. Nxe3
Qxc4 28. Nxc4 Nf2+ 29. Kg1 Nd3 30. Bd5+ Kg7 31. Bd2 Bd4+ 32. Kf1 Rf8+ 33. Ke2
Nxc5 34. Ne3 b6 35. b4 Nd7 36. Kd3 Rf2 37. Be1 Bxe3 38. Kxe3 Rxh2 39. Bc3+ Nf6
40. Be5 Rh5 41. Kd4 Rxe5 42. Kxe5 Nxd5 43. Kxd5 Kf6 44. Kc6 h5 45. Kb7 g5 46.
Kxa7 h4 47. gxh4 gxh4 48. Kxb6 h3 49. b5 h2 50. Kc7 h1=Q 51. b6 Qh7+ 52. Kc6
Qc2+ 53. Kd7 Qxa2 54. b7 Qd5+ 55. Kc7 Qe5+ 56. Kd7 Qb5+ 57. Kc8 Qc6+ 58. Kb8
Ke6 59. Ka7 Qc5+ 60. Ka6 Qb4 61. Ka7 Qa5+ 62. Kb8 Kd6 63. Kc8 Qc7# 0-1

[Event "84th YMCA Autumn A"]
[Site "Warszawa"]
[Date "2010.12.23"]
[Round "13"]
[White "Moskwinski, Tadeusz"]
[Black "Kasperkiewicz, Pawel"]
[Result "1/2-1/2"]
[WhiteElo "2213"]
[BlackElo "2102"]
[Annotator "Admin"]
[PlyCount "55"]
[EventDate "2010.09.24"]
[EventType "tourn"]
[EventRounds "1"]
[EventCountry "POL"]
[SourceDate "2010.10.05"]

1. e4 c6 2. d4 d5 3. exd5 cxd5 4. c4 Nf6 5. Nc3 e6 6. Nf3 Bb4 7. Bd3 dxc4 8.
Bxc4 O-O 9. O-O b6 10. Bg5 Bb7 11. Ne5 Nc6 12. Bxf6 gxf6 13. Nxc6 Bxc6 14. d5
Bxc3 15. dxc6 Qxd1 16. Raxd1 Bxb2 17. Ba6 Rac8 18. Bxc8 Rxc8 19. Rd2 Ba3 20.
Rd7 Rxc6 21. Rxa7 Bc5 22. Rd1 Bd4 23. g4 e5 24. Rd2 f5 25. gxf5 Rf6 26. Kg2
Rxf5 27. Ra3 Rf6 28. Rf3 $11 1/2-1/2

[Event "84th YMCA Autumn A"]
[Site "Warszawa"]
[Date "2010.12.21"]
[Round "13"]
[White "Kukawski, Maciej"]
[Black "Kedzierski, Slawomir"]
[Result "1-0"]
[WhiteElo "2314"]
[BlackElo "2102"]
[PlyCount "93"]
[EventDate "2010.09.24"]
[EventType "tourn"]
[EventRounds "1"]
[EventCountry "POL"]
[SourceDate "2010.10.05"]

1. e4 c5 2. c3 d5 3. exd5 Qxd5 4. d4 e6 5. Nf3 Nf6 6. Be2 Be7 7. O-O O-O 8. Ne5
cxd4 9. cxd4 Nbd7 10. Nc3 Qa5 11. Nc4 Qd8 12. Qb3 Nb8 13. Rd1 Nc6 14. Be3 Nb4
15. Bf3 Nbd5 16. Bg5 Rb8 17. Ne5 Nxc3 18. bxc3 Bd7 19. Bf4 Be8 20. Nc4 b5 21.
Bxb8 Qxb8 22. a4 a6 23. axb5 axb5 24. Ne5 Bd6 25. Ra8 Qc7 26. Re1 Nd7 27. Nxd7
Bxh2+ 28. Kf1 Bxd7 29. Rxf8+ Kxf8 30. g3 Bxg3 31. fxg3 Qxg3 32. Qa3+ Ke8 33.
Bg2 h5 34. Qa8+ Ke7 35. Qf3 Qg5 36. Qe3 Qf5+ 37. Kg1 g5 38. d5 h4 39. Qc5+ Ke8
40. Ra1 f6 41. Ra8+ Kf7 42. Rf8+ Kg6 43. Rg8+ Kh5 44. Rh8+ Kg4 45. Qd4+ Qf4 46.
Rd8 e5 47. Qxf4+ 1-0

[Event "84th YMCA Autumn A"]
[Site "Warszawa"]
[Date "2010.11.04"]
[Round "13"]
[White "Liberadzki, Slawomir"]
[Black "Luksik, Mateusz"]
[Result "1/2-1/2"]
[WhiteElo "2083"]
[BlackElo "2111"]
[Annotator "Admin"]
[PlyCount "200"]
[EventDate "2010.09.24"]
[EventType "tourn"]
[EventRounds "1"]
[EventCountry "POL"]
[SourceDate "2010.10.05"]

1. e4 d6 2. d4 g6 3. g3 Bg7 4. Bg2 Nf6 5. Ne2 O-O 6. O-O c5 7. c3 Nc6 8. d5 Na5
9. Na3 b6 10. b4 Nb7 11. Bb2 Bd7 12. Rb1 Ne8 13. Qd3 a6 14. Rfc1 b5 15. Nc2 Nf6
16. Ne3 Ng4 17. Nxg4 Bxg4 18. h3 Bd7 19. Kh2 Qb6 20. Qe3 Rfc8 21. a3 a5 22. f4
Qd8 23. Ba1 Qc7 24. c4 Bxa1 25. Rxa1 axb4 26. cxb5 Bxb5 27. axb4 Rxa1 28. Rxa1
Bxe2 29. Qxe2 c4 30. Rc1 c3 31. Qd3 c2 32. Bf1 f6 33. Qd2 Qc3 34. Qxc3 Rxc3 35.
Ba6 Nd8 36. b5 Kg7 37. b6 Rb3 38. b7 $11 Nxb7 39. Bxb7 Rxb7 40. Rxc2 Rb4 41.
Re2 Rb7 42. Kg2 Kf7 43. Kf3 Rb3+ 44. Re3 Rb1 45. Ra3 f5 46. exf5 gxf5 47. Ra5
Rh1 48. Kg2 Rd1 49. Kf3 Rd3+ 50. Kf2 h6 51. Rb5 h5 52. h4 Rc3 53. Rb8 Rd3 54.
Rh8 Rxd5 55. Rxh5 e6 56. Rh8 Ra5 57. Rh7+ Kg6 58. Rd7 Ra6 59. Kf3 Rb6 60. Ra7
Rb3+ 61. Kf2 Rb5 62. Ra6 Rd5 63. Kf3 Rd3+ 64. Kf2 Kh5 65. Ra8 Kg6 66. Ra7 e5
67. fxe5 dxe5 68. Ra6+ Kh5 69. Ra5 Kg4 70. Rxe5 Rf3+ 71. Ke2 Rxg3 72. Ra5 Rh3
73. Kf2 Rh2+ 74. Kg1 Rxh4 75. Ra4+ f4 76. Ra3 Rh8 77. Kg2 Rb8 78. Kf2 Rb2+ 79.
Kf1 Rb8 80. Rc3 Re8 81. Ra3 Kf5 82. Ra5+ Ke4 83. Kf2 Rb8 84. Ra4+ Kf5 85. Ra3
Rb2+ 86. Kf1 Rd2 87. Ke1 Rd4 88. Kf2 Ke4 89. Rb3 Rd2+ 90. Kf1 Rh2 91. Ra3 Rh8
92. Kf2 Kf5 93. Rb3 Ra8 94. Rc3 Kg4 95. Rb3 Ra2+ 96. Kf1 Ra1+ 97. Kf2 Ra4 98.
Rc3 f3 99. Rc8 Ra2+ 100. Kf1 Ra4 1/2-1/2

[Event "84th YMCA Autumn A"]
[Site "Warszawa"]
[Date "2010.12.23"]
[Round "13"]
[White "Malec, Sebastian"]
[Black "Zurkowski, Andrzej"]
[Result "0-1"]
[WhiteElo "2155"]
[BlackElo "2120"]
[Annotator "Admin"]
[PlyCount "198"]
[EventDate "2010.09.24"]
[EventType "tourn"]
[EventRounds "1"]
[EventCountry "POL"]
[SourceDate "2010.10.05"]

1. e4 c5 2. Nf3 e6 3. b3 b6 4. Bb2 Bb7 5. d3 d6 6. Be2 Nf6 7. O-O Nc6 8. Nbd2
Be7 9. c3 Qc7 10. d4 O-O 11. Rc1 a5 12. Re1 e5 $11 13. d5 Nb8 14. c4 Nbd7 15.
Nh4 g6 16. g3 Ne8 17. Ng2 Ng7 18. f4 f5 19. Bd3 Rae8 20. Nf3 fxe4 21. Bxe4 Bf6
22. Qc2 exf4 23. Nxf4 Bxb2 24. Qxb2 Ne5 25. Ng5 Bc8 26. Nge6 Bxe6 27. dxe6 Qd8
28. Qg2 Kh8 29. Qh3 Qg5 30. Kh1 Rf6 31. e7 Ng4 32. Rf1 Ne6 33. Nxe6 Qxc1 34.
Rxc1 Nf2+ 35. Kg2 Nxh3 36. Bd5 Nf2 37. Nf4 Ng4 38. Re1 Ne5 39. Be4 Rf7 40. Nd5
Kg7 41. Rd1 Ng4 42. Bf3 Nf6 43. Nxb6 Rfxe7 44. Rxd6 Re6 45. Nc8 Rxd6 46. Nxd6
Rd8 47. Nb7 Rd2+ 48. Kg1 Nd7 49. a4 Rd3 50. Bc6 Ne5 51. Bb5 Rxb3 52. Nxa5 Rb4
53. Nb7 Nxc4 54. Nxc5 Nb6 55. Nd3 Rb3 56. Nc5 Rb2 57. Nd3 Ra2 58. Nc5 Kf6 59.
Ne4+ Kf5 60. Nc3 Ra3 61. Nb1 Ra1 62. Kf2 Ra2+ 63. Ke3 Nxa4 64. Bd7+ Ke5 65. Nd2
Nc5 66. Bc6 Ra3+ 67. Ke2 Kf5 68. Bf3 Ne6 69. Kf2 Ng5 70. Bg2 Nf7 71. Bh3+ Kf6
72. Ne4+ Ke5 73. Nd2 Nd6 74. Bg2 g5 75. Nf3+ Kf6 76. Nd4 Nf5 77. Nxf5 Kxf5 78.
h3 h5 79. Bc6 h4 80. gxh4 gxh4 81. Bd7+ Kf4 82. Bg4 Ra2+ 83. Kf1 Kg3 84. Ke1
Kg2 85. Bc8 Ra7 86. Bg4 Re7+ 87. Kd2 Rg7 88. Bc8 Re7 89. Bf5 Re5 90. Bc8 Kf2
91. Kd3 Re3+ 92. Kd2 Ra3 93. Bg4 Rg3 94. Bf5 Rg5 95. Be6 Re5 96. Bg4 Rd5+ 97.
Kc2 Kg2 98. Be6 Re5 99. Bd7 Re3 0-1

[Event "84th YMCA Autumn A"]
[Site "Warszawa"]
[Date "2010.12.23"]
[Round "13"]
[White "Sanz Losada, Victoriano"]
[Black "Choroszej, Aleksander"]
[Result "1-0"]
[WhiteElo "2138"]
[BlackElo "2122"]
[PlyCount "49"]
[EventDate "2010.09.24"]
[EventType "tourn"]
[EventRounds "1"]
[EventCountry "POL"]
[SourceDate "2010.10.05"]

1. d4 g6 2. c4 Bg7 3. Nc3 d6 4. e4 Nf6 5. f3 O-O 6. Be3 c5 7. d5 e6 8. Qd2 exd5
9. exd5 a6 10. O-O-O Re8 11. h4 b5 12. h5 Nbd7 13. hxg6 hxg6 14. Bh6 Bh8 15. g4
b4 16. Nce2 Ne5 17. Ng3 Qa5 18. Kb1 Nexg4 19. fxg4 Bxg4 20. Bg5 Bxd1 21. Rxh8+
Kxh8 22. Bxf6+ Kg8 23. Qh6 Bc2+ 24. Kxc2 Qa4+ 25. Kd2 1-0

[Event "84th YMCA Autumn A"]
[Site "Warszawa"]
[Date "2010.11.04"]
[Round "13"]
[White "Lewandowski, Rafal"]
[Black "Michniewski, Tomasz"]
[Result "0-1"]
[WhiteElo "2202"]
[BlackElo "2165"]
[PlyCount "92"]
[EventDate "2010.09.24"]
[EventType "tourn"]
[EventRounds "1"]
[EventCountry "POL"]
[SourceDate "2010.10.05"]

1. e4 c5 2. Nf3 d6 3. d4 cxd4 4. Nxd4 Nf6 5. Nc3 e6 6. Be2 Nc6 7. Be3 Be7 8.
O-O O-O 9. f4 e5 10. Nf5 Bxf5 11. exf5 exf4 12. Rxf4 d5 13. Kh1 Bd6 14. Rh4 Be5
15. Bf2 Bxc3 16. bxc3 Ne4 17. Qf1 Qf6 18. Be1 Rfe8 19. Rh3 Re5 20. g4 Qe7 21.
Bd3 Re8 22. Bh4 f6 23. c4 d4 24. Qf4 h6 25. Rf3 Ng5 26. Rff1 Re3 27. Bg3 Ne4
28. Be1 Nc5 29. Bf2 Nxd3 30. cxd3 Rxd3 31. Rae1 Qd7 32. Rxe8+ Qxe8 33. Re1 Ne5
34. Qe4 Qc6 35. Qd5+ Kh7 36. Bg3 Nxc4 37. Qxc6 bxc6 38. Re6 Rd1+ 39. Kg2 Rc1
40. Bf4 Rc2+ 41. Kf1 d3 42. Re7 Rxa2 43. Rd7 Ra1+ 44. Kf2 d2 45. Bxd2 Ra2 46.
Ke2 Rxd2+ 0-1